Koexistencia malých a stredných maloobchodných podnikov a nadnárodných maloochodných reťazcov na slovenskom vnútornom trhu so spotrebným tovarom

Porovnanie obratu TOP 10 slovenského obchodu za roky 1998 -2005 v členení na obchodné spoločnosti s domácim kapitálom a spoločnosti so zahraničnou účasťou. Vývoj predajnej plochy obchodných prevádzok za obdobie r. 1997-2005. Vývoj maloobchodného trhu so spotrebným tovarom. Výsledky prieskumu realizo...

Descripción completa

Guardado en:
Detalles Bibliográficos
Autor principal: Viestová, Kristína
Otros Autores: Štofilová, Jana
Formato: Capítulo de libro
Lenguaje:eslovaco
Materias:
Etiquetas: Agregar Etiqueta
Sin Etiquetas, Sea el primero en etiquetar este registro!

MARC

LEADER 00000naa$a2200000$$$4500
001 0051585
005 20240611105231.4
041 0 |a slo 
044 |a SK 
245 1 0 |a Koexistencia malých a stredných maloobchodných podnikov a nadnárodných maloochodných reťazcov na slovenskom vnútornom trhu so spotrebným tovarom  |c Kristína Viestová, Jana Štofilová 
520 |a Porovnanie obratu TOP 10 slovenského obchodu za roky 1998 -2005 v členení na obchodné spoločnosti s domácim kapitálom a spoločnosti so zahraničnou účasťou. Vývoj predajnej plochy obchodných prevádzok za obdobie r. 1997-2005. Vývoj maloobchodného trhu so spotrebným tovarom. Výsledky prieskumu realizovaného v Rimavskej Sobote (32% nezamestnanosť), ktorý sledoval správanie sa malých a stredných podnikov pod vplyvom činnosti hypermarketov. Úloha štátu v regulovaní koexistencie malých a stredných maloobchodných podnikov a nadnárodných maloobchodných reťazcov na slovenskom trhu. 
610 2 0 |a maloobchod 
610 2 0 |a predajne 
610 2 0 |a centrá nákupné 
610 2 0 |a hypermarkety 
610 2 0 |a spoločnosti nadnárodné 
610 2 0 |a obrat obchodný 
610 2 0 |a trh vnútorný 
610 2 0 |a Slovensko 
100 1 |a Viestová, Kristína 
700 1 |a Štofilová, Jana